[Event "Dortmund Sparkassen op-B"]
[Site "Dortmund"]
[Date "2011.07.31"]
[Round "9"]
[White "Koenig, Udo"]
[Black "Lange, Hans Werner"]
[Result "0-1"]
[WhiteElo "1832"]
[BlackElo "1611"]
[PlyCount "78"]
[EventDate "2011.07.23"]
[EventType "swiss"]
[EventRounds "9"]
[EventCountry "GER"]
[SourceTitle "EXT 2013"]
[Source "ChessBase"]
[SourceDate "2012.11.22"]
[SourceVersion "1"]
[SourceVersionDate "2012.11.22"]
[SourceQuality "1"]

1. e4 e6 2. d4 d5 3. exd5 exd5 4. c4 c6 5. cxd5 cxd5 6. Nc3 Nc6 7. Nf3 Bb4 8. Bb5 Bxc3+ 9. bxc3 Nge7 10. 0-0 Bg4 11. Re1 0-0 12. h3 Bh5 13. Ba3 Re8 14. Qd3 Bxf3 15. Qxf3 a6 16. Ba4 Ng6 17. Rxe8+ Qxe8 18. Qxd5 Nf4 19. Qf3 Qb8 20. Bxc6 bxc6 21. Qxc6 Qd8 22. Qf3 Ng6 23. Bc5 Rb8 24. Bb4 h6 25. Re1 Rb5 26. Qe4 Qg5 27. Qa8+ Kh7 28. Qf3 Rf5 29. Qe3 Nf4 30. Qg3 Qf6 31. Re3 Qc6 32. Qf3 Qg6 33. Re5 Rf6 34. a3 Nxg2 35. Qxg2 Qb1+ 36. Kh2 Rg6 37. Qh1 Qb2 38. Qf3 Qc1 39. Qh1 Qf4# 0-1

[Event "Dortmund Sparkassen op-B"]
[Site "Dortmund"]
[Date "2011.07.28"]
[Round "6"]
[White "Schmidt, Martin"]
[Black "Koenig, Udo"]
[Result "1/2-1/2"]
[WhiteElo "1734"]
[BlackElo "1832"]
[PlyCount "39"]
[EventDate "2011.07.23"]
[EventType "swiss"]
[EventRounds "9"]
[EventCountry "GER"]
[SourceTitle "EXT 2013"]
[Source "ChessBase"]
[SourceDate "2012.11.22"]
[SourceVersion "1"]
[SourceVersionDate "2012.11.22"]
[SourceQuality "1"]

1. e4 d5 2. exd5 Nf6 3. d4 Nxd5 4. c4 Nf6 5. Nf3 Bg4 6. Be2 e6 7. h3 Bh5 8. Nc3 Nbd7 9. 0-0 c6 10. Qb3 Qb6 11. Qxb6 Nxb6 12. Be3 Be7 13. g4 Bg6 14. d5 Ne4 15. Nxe4 Bxe4 16. Bxb6 axb6 17. dxe6 fxe6 18. Nd4 Kf7 19. a3 Bf6 20. Rad1 1/2-1/2

[Event "Dortmund Sparkassen op-B"]
[Site "Dortmund"]
[Date "2011.07.26"]
[Round "4"]
[White "Czilwik, Matthias"]
[Black "Koenig, Udo"]
[Result "0-1"]
[WhiteElo "999"]
[BlackElo "1832"]
[PlyCount "40"]
[EventDate "2011.07.23"]
[EventType "swiss"]
[EventRounds "9"]
[EventCountry "GER"]
[SourceTitle "EXT 2013"]
[Source "ChessBase"]
[SourceDate "2012.11.22"]
[SourceVersion "1"]
[SourceVersionDate "2012.11.22"]
[SourceQuality "1"]

1. d4 d5 2. c4 c6 3. Nc3 Nf6 4. Nf3 Bf5 5. Bf4 e6 6. a3 Bd6 7. Be5 0-0 8. e3 Bxe5 9. Nxe5 Nbd7 10. Nf3 Re8 11. Bd3 Bxd3 12. Qxd3 e5 13. dxe5 Nxe5 14. Nxe5 Rxe5 15. 0-0 Qc7 16. g3 Rae8 17. Rae1 Qd7 18. f4 Rh5 19. Rf2 d4 20. Nd1 dxe3 0-1

[Event "Dortmund Sparkassen op-B"]
[Site "Dortmund"]
[Date "2011.07.24"]
[Round "2"]
[White "Wolf, Dieter"]
[Black "Koenig, Udo"]
[Result "1-0"]
[WhiteElo "1760"]
[BlackElo "1832"]
[PlyCount "41"]
[EventDate "2011.07.23"]
[EventType "swiss"]
[EventRounds "9"]
[EventCountry "GER"]
[SourceTitle "EXT 2013"]
[Source "ChessBase"]
[SourceDate "2012.11.22"]
[SourceVersion "1"]
[SourceVersionDate "2012.11.22"]
[SourceQuality "1"]

1. e4 e5 2. Nf3 Nc6 3. d4 exd4 4. Nxd4 Nxd4 5. Qxd4 d6 6. Bf4 Be7 7. Nc3 Bf6 8. Qd2 Be6 9. Bb5+ c6 10. Ba4 Be5 11. Rd1 b5 12. Nxb5 cxb5 13. Bxe5 dxe5 14. Bxb5+ Ke7 15. Qb4+ Kf6 16. Rxd8 Rxd8 17. 0-0 Rd4 18. Qc5 Ne7 19. f4 Rhd8 20. Qxe5+ Kg6 21. Qg5# 1-0

[Event "Dortmund Sparkassen op-B"]
[Site "Dortmund"]
[Date "2006.07.30"]
[Round "3"]
[White "Koenig, Udo"]
[Black "Bauer, Dieter"]
[Result "1-0"]
[WhiteElo "1477"]
[BlackElo "1871"]
[PlyCount "131"]
[EventDate "2006.07.28"]
[EventType "swiss"]
[EventRounds "9"]
[EventCountry "GER"]
[SourceTitle "CBM 113 Extra"]
[Source "ChessBase"]
[SourceDate "2006.09.14"]
[SourceVersion "1"]
[SourceVersionDate "2006.09.14"]
[SourceQuality "1"]

1. e4 c5 2. c3 Nf6 3. e5 Nd5 4. d4 cxd4 5. cxd4 Nc6 6. Nf3 d6 7. exd6 Qxd6 8. Nc3 Bg4 9. Bb5 g6 10. h3 Bd7 11. 0-0 Bg7 12. Re1 e6 13. Ne4 Qc7 14. Be3 0-0 15. Rc1 Rac8 16. Qd2 Qb8 17. Nc5 Be8 18. Bh6 b6 19. Bxg7 Kxg7 20. Ne4 Bd7 21. Bxc6 Rxc6 22. Ne5 Rxc1 23. Rxc1 Rd8 24. Ng5 Be8 25. Qc2 Nf4 26. Ngf3 Bb5 27. Re1 Rc8 28. Qd2 Nd5 29. Rc1 Rxc1+ 30. Qxc1 Qc7 31. Qd2 f6 32. Ng4 Qf4 33. Qe1 Qd6 34. Qd2 Qf4 35. Qe1 Kf7 36. a3 Ba6 37. Ne3 Bb7 38. Nxd5 Bxd5 39. Qd2 Qc7 40. Ne1 Kg7 41. Qc3 Qd7 42. Qg3 Qc6 43. Qc3 Kf7 44. Qxc6 Bxc6 45. f3 Ba4 46. Kf2 Ke7 47. Ke3 Kd6 48. f4 Kd5 49. Nd3 Kc4 50. Nc1 h6 51. g3 g5 52. h4 gxh4 53. gxh4 a5 54. Ke4 Bc6+ 55. Ke3 a4 56. Nd3 Kb3 57. Kd2 Be4 58. Ke3 Bxd3 59. Kxd3 Kxb2 60. f5 exf5 61. d5 f4 62. d6 f3 63. d7 Kxa3 64. d8Q Ka2 65. Qxb6 a3 66. Ke3 1-0

[Event "Dortmund op-B"]
[Site "Dortmund"]
[Date "2005.07.16"]
[Round "8"]
[White "Gehring, Sven"]
[Black "Koenig, Udo"]
[Result "1-0"]
[WhiteElo "1709"]
[BlackElo "1477"]
[PlyCount "23"]
[EventDate "2005.07.08"]
[EventType "swiss"]
[EventRounds "9"]
[EventCountry "GER"]
[SourceTitle "CBM 107 Extra"]
[Source "ChessBase"]
[SourceDate "2005.09.01"]
[SourceVersion "1"]
[SourceVersionDate "2005.09.01"]
[SourceQuality "1"]

1. e4 e5 2. Nf3 Nc6 3. Bb5 Nf6 4. 0-0 Bc5 5. Bxc6 dxc6 6. Nxe5 Nxe4 7. Qe2 Qd5 8. Nd3 Be7 9. Re1 Be6 10. Qxe4 0-0-0 11. Qxd5 cxd5 12. Nf4 1-0

[Event "Dortmund op-B"]
[Site "Dortmund"]
[Date "2005.07.15"]
[Round "7"]
[White "Koenig, Udo"]
[Black "Pittag, Andreas"]
[Result "1-0"]
[WhiteElo "1477"]
[BlackElo "1707"]
[PlyCount "80"]
[EventDate "2005.07.08"]
[EventType "swiss"]
[EventRounds "9"]
[EventCountry "GER"]
[SourceTitle "CBM 107 Extra"]
[Source "ChessBase"]
[SourceDate "2005.09.01"]
[SourceVersion "1"]
[SourceVersionDate "2005.09.01"]
[SourceQuality "1"]

1. e4 e6 2. d4 d5 3. exd5 exd5 4. Nf3 Bf5 5. Nc3 c6 6. Bd3 Bxd3 7. Qxd3 Bd6 8. 0-0 h6 9. Re1+ Kf8 10. Ne5 Nd7 11. Bf4 Ndf6 12. Qg3 Bxe5 13. Bxe5 Ne8 14. Re2 Qg5 15. Bd6+ Nxd6 16. Qxd6+ Ne7 17. Rae1 Re8 18. Qd7 g6 19. Qxb7 f5 20. Qxa7 Rh7 21. Qc7 f4 22. Qe5 Qxe5 23. Rxe5 Ra8 24. g3 f3 25. Re6 Rf7 26. a3 Ra7 27. Nd1 Kg7 28. a4 Nf5 29. c3 Rxa4 30. Ne3 Ne7 31. Ng4 Ng8 32. Ne5 Rf5 33. Rxg6+ Kh7 34. Rxc6 h5 35. h4 Kg7 36. Nd3 Ra5 37. Re7+ Kh8 38. Rd6 Ra1+ 39. Kh2 Rd1 40. Ree6 Kg7 1-0

[Event "Dortmund op-B"]
[Site "Dortmund"]
[Date "2005.07.14"]
[Round "6"]
[White "Bauer, Matthias"]
[Black "Koenig, Udo"]
[Result "1/2-1/2"]
[WhiteElo "1581"]
[BlackElo "1477"]
[PlyCount "36"]
[EventDate "2005.07.08"]
[EventType "swiss"]
[EventRounds "9"]
[EventCountry "GER"]
[SourceTitle "CBM 107 Extra"]
[Source "ChessBase"]
[SourceDate "2005.09.01"]
[SourceVersion "1"]
[SourceVersionDate "2005.09.01"]
[SourceQuality "1"]

1. d4 d5 2. Nf3 Nf6 3. e3 e6 4. Bd3 c5 5. c3 c4 6. Bc2 Nc6 7. Nbd2 Bd6 8. 0-0 0-0 9. e4 dxe4 10. Nxe4 h6 11. Nxd6 Qxd6 12. Qe2 b5 13. Ne5 Bb7 14. Ng4 Nxg4 15. Qxg4 e5 16. Qe4 f5 17. dxe5 Qxe5 18. Qxe5 Nxe5 1/2-1/2

[Event "Dortmund op-B"]
[Site "Dortmund"]
[Date "2005.07.10"]
[Round "3"]
[White "Koenig, Udo"]
[Black "Schorr, Joerg"]
[Result "0-1"]
[WhiteElo "1477"]
[BlackElo "1819"]
[PlyCount "58"]
[EventDate "2005.07.08"]
[EventType "swiss"]
[EventRounds "9"]
[EventCountry "GER"]
[SourceTitle "CBM 107 Extra"]
[Source "ChessBase"]
[SourceDate "2005.09.01"]
[SourceVersion "1"]
[SourceVersionDate "2005.09.01"]
[SourceQuality "1"]

1. e4 c5 2. c3 d6 3. d4 Nf6 4. Bd3 Nc6 5. Nf3 Bg4 6. Be3 e6 7. Nbd2 Be7 8. 0-0 0-0 9. Qc2 cxd4 10. Nxd4 Ne5 11. h3 Bh5 12. Be2 Bxe2 13. Nxe2 Qc7 14. f4 Ned7 15. Rad1 Nc5 16. b4 Ncd7 17. Nf3 a5 18. a3 axb4 19. axb4 d5 20. e5 Ne4 21. Rc1 Rfc8 22. Qb2 Qc4 23. Ra1 Rxa1 24. Rxa1 Nxc3 25. Nxc3 Qxc3 26. Qxc3 Rxc3 27. Bd2 Rc4 28. Ra7 Rc7 29. b5 Bc5+ 0-1

[Event "Dortmund op-B"]
[Site "Dortmund"]
[Date "2005.07.08"]
[Round "1"]
[White "Koenig, Udo"]
[Black "Dacic, Adrian"]
[Result "1-0"]
[WhiteElo "1477"]
[BlackElo "1588"]
[PlyCount "103"]
[EventDate "2005.07.08"]
[EventType "swiss"]
[EventRounds "9"]
[EventCountry "GER"]
[SourceTitle "CBM 107 Extra"]
[Source "ChessBase"]
[SourceDate "2005.09.01"]
[SourceVersion "1"]
[SourceVersionDate "2005.09.01"]
[SourceQuality "1"]

1. e4 e5 2. Nf3 Nf6 3. Nc3 d6 4. Bc4 Be7 5. d4 exd4 6. Nxd4 Nxe4 7. Bxf7+ Kxf7 8. Nxe4 Re8 9. 0-0 Kg8 10. Re1 Bd7 11. c4 Nc6 12. Be3 Nxd4 13. Bxd4 Bf5 14. Ng3 Bg6 15. Qg4 Rf8 16. Nh5 Rf7 17. Nxg7 Rxg7 18. Bxg7 Kxg7 19. Re6 Kh8 20. Qd4+ Kg8 21. Rae1 Bf8 22. Qg4 Kh8 23. Rxg6 hxg6 24. Qxg6 Qd7 25. Re3 Qg7 26. Rh3+ Kg8 27. Qe6+ Qf7 28. Rh8+ Kxh8 29. Qxf7 Rc8 30. Qh5+ Kg8 31. Qg6+ Kh8 32. Qe6 Rb8 33. g3 Bg7 34. b3 Rf8 35. f4 Bd4+ 36. Kg2 Kg7 37. f5 Rf6 38. Qe7+ Rf7 39. Qg5+ Kf8 40. Qf4 Be5 41. Qf3 Kg7 42. g4 c6 43. h4 Rf8 44. g5 Rh8 45. h5 Kf7 46. f6 Rg8 47. g6+ Ke6 48. Qg4+ Kxf6 49. Kf3 Rg7 50. Ke4 Bb2 51. Qf5+ Ke7 52. h6 1-0